Taylor Swift - Quiz niveau moyen - Statistiques

Statistiques générales
  • Ce quiz a été pris 173 fois
  • Le résultat moyen est 12 sur 38
Statistiques - réponses
Hint Réponse % Correct
Instruments qu'elle sait jouer Piano
86%
Instruments qu'elle sait jouer Guitare
84%
De quelle maladie a souffert sa mère Cancer
78%
De quelle plateforme a-t-elle retirer ses musiques en 2014 Spotify
69%
Une des chansons écrites pour sa mère The Best Day ou Soon You'll Get Better
65%
De quels films/séries viennent les noms de ses chats Grey's Anatomy
64%
Documentaires Miss Americana
64%
Ancien Label Big Machine Records
55%
Sa série préféré Friends
55%
Les 2 personnes avec qui elle travaille en étroite collaboration sur ses albums Jack Antonoff
55%
Les 2 amies pour lesquelles elle a écrit des chansons Selena Gomez (Dorothea)
55%
Nom du parfum qu'elle a créé Wonderstruck
32%
Les 2 personnes avec qui elle travaille en étroite collaboration sur ses albums Aaron Desner
31%
Documentaires The Eras Tour
30%
Nom du chanteur qui a inspiré son prénom James Taylor
29%
Comment s'appelle l'era où ses chevaux était blond platine, coupé au carré Bleachella
27%
Documentaires The Reputation Stadium Tour
25%
De quels films/séries viennent les noms de ses chats Benjamin Button
24%
Instruments qu'elle sait jouer Ukulélé
24%
Chanson la plus longue All Too Well (10 Minute Version)
21%
Chanson la plus courte I Look In People's Windows
21%
Instruments qu'elle sait jouer Banjo
20%
Nom de la première chanson qu'elle a appris à jouer à la guitare Kiss Me de Sixpence None the Richer
19%
Les 2 amies pour lesquelles elle a écrit des chansons Emma Stone (When Emma Falls in Love)
16%
Label actuel Republic Records
16%
Son animal spirituel (selon elle) Le renard ou le dauphin
15%
Documentaires The 1989 World Tour
15%
Poétesse connue dont elle est cousine éloignée Emilie Dickinson
13%
Nom de la première chanson qu'elle a écrite Lucky You
11%
De quels films/séries viennent les noms de ses chats New-York Unité spéciale
11%
Sa boisson préféré Le Café
8%
Animal qu'elle déteste Les oursins
8%
Type de maison dans laquelle elle a grandi Une ferme de sapin de noël
8%
Son film préféré Love Actually
7%
Son cocktail préféré Vodka Coca Zéro
6%
Documentaires folklore : the long pond studio sessions
5%
Animal qui porte un nom en son honneur Mille-patte
5%
Sa nourriture préféré Chicken Tenders
4%
Aucun quiz correspondant
Distribution des résultats
% des personnes avec chaque résultat
Percentile par nombre de réponses
Votre historique - résultats
Vous n’avez pas pris ce quiz